000 004970000a22001810004500
003 MACL
005 20160130162315.0
008 160130b xxu||||| |||| 00| 0 eng d
040 _aMACL
_cMACL
041 _aEnglish
082 _a824/GUP
100 _aGupta, S C
_936252
245 _a151 Essays
_bFor UPSC Mains,Varous State Public Service Comissions & Other Comp.Exams
260 _bArihant Prakashan,Meerut
_a Meerut
350 _a260
650 _aEssays
_936279
942 _cBK
_k824/GUP
_2ddc
999 _c44724
_d44724